01440cam a2200229 45000010008000000030006000080050017000140080041000310100017000720400018000890500024001070820028001311000028001592450101001872600048002883000019003363500009003555050755003646000028011196500027011476500036011741306321GBCCL20241126110550.0700414s1970 miu 000 0aeng  a 77102834  aDLCcDLCdDLC00aBX8764.Z8bP62 197000a272.2092a289.9aBbPOP1 aPopoff, Haralan,d1907-10aTortured for his faith;ban epic of Christian courage and heroism in our day,cby Haralan Popov. aGrand Rapids,bZondervan Pub. Housec[1970] a156 p.c18 cm. a0.75 aHaralan Popov was a successful minister in Bulgaria when he was arrested and sentenced to 15 years imprisonment as an American spy, at a widely publicized trial in Sofia. Enduring torture and brainwashing in communist prisons and labor camps, Haralan Popov remained faithful to God. After his release, Dr. Haralan Popov founded Door of Hope International in 1972.Tortured For His Faith Has been published in more than twenty three languages. Has been No. 1 on the best-seller list (pocket books) for many years. More than one million copies sold. Has exposed the militant nature of atheistic communism for more than 30 years. Has inspired readers, strengthened their faith in God, and motivated them to a greater compassion for the Persecuted Church.10aPopoff, Haralan,d1907- 0aPersecutionzBulgaria. 0aPrisonerszBulgariaxBiography.